000 00349nam a22001457a 4500
003 OSt
008 201119b ||||| |||| 00| 0 eng d
100 _aSILBERSCHATZ, Abraham
245 _aDatabase System Concepts
250 _a6th
260 _aNew Delhi
_bMcGraw Hill
_c2013
300 _a1349
650 _aB.Sc Computer Science
942 _2ddc
_cBK
999 _c9216
_d9216